000 00465nam a2200157Ia 4500
003 GCL
008 140319s9999 xx 000 0 ara d
040 _aGCL /
_cGCL
082 0 4 _aق
_b962
_bا م
100 1 _aانور زقلمة
245 1 0 _aالمماليك فى مصر /
_cانور زقلمة
300 _a192 ص
490 _aصفحات من تاريخ مصر
_v0
650 0 4 _aمصر - تاريخ - العصر الحديث (1805 - 1956 )
942 _2ddc
_cBK
999 _c40774
_d40774